[Event "DEM U10/U10w 2015"]
[Site "Willingen GER"]
[Date "2015.05.28"]
[Round "8"]
[White "Stillbauer, Jan"]
[Black "Kodalle, Dominik"]
[Result "0-1"]
[Termination "normal"]
[Board "23"]
[WhiteElo "1146"]
[BlackElo "1230"]
[PlyCount "86"]
[WhiteFideId "16239393"]
[BlackFideId "16208722"]
[EventCountry "GER"]
[EventRounds "11"]
[EventType "swiss"]
[EventDate "2015.05.23"]

1. e4 e6 2. d4 d5 3. Nc3 Bb4 4. e5 Ne7 5. a3 Ba5 6. b4 Bb6 7. Bg5 a6 8. f4 Nbc6
9. Nf3 O-O 10. Be2 h6 11. Bh4 Qd7 12. O-O Nf5 13. Bf2 f6 14. b5 axb5 15. Bxb5
fxe5 16. Nxe5 Qe8 17. Nxc6 bxc6 18. Be2 Qe7 19. Qd2 c5 20. dxc5 Bxc5 21. Bxc5
Qxc5+ 22. Kh1 Rxa3 23. Rxa3 Qxa3 24. Nb5 Qc5 25. Qc3 Qxc3 26. Nxc3 Ne3 27. Rc1
Rxf4 28. Nb5 Rf2 29. Bd3 Rxg2 30. Re1 Bb7 31. Nxc7 d4 32. h3 Re2+ 33. Kg1 Rxe1+
34. Kf2 Rh1 35. Nxe6 Rxh3 36. Nxd4 Ng4+ 37. Ke2 Re3+ 38. Kd2 Be4 39. Be2 Rg3
40. c4 Ne5 41. c5 Nc6 42. Bc4+ Kh7 43. Ne2 Rg5 0-1

[Event "DEM U10/U10w 2015"]
[Site "Willingen GER"]
[Date "2015.05.28"]
[Round "8"]
[White "Reuter, Elisa"]
[Black "Gericke, Luis"]
[Result "1-0"]
[Termination "normal"]
[Board "24"]
[WhiteElo "1133"]
[BlackElo "1220"]
[PlyCount "159"]
[WhiteFideId "12995444"]
[BlackFideId "16212525"]
[EventCountry "GER"]
[EventRounds "11"]
[EventType "swiss"]
[EventDate "2015.05.23"]

1. e4 e5 2. Nf3 Nc6 3. Bc4 Bc5 4. d4 exd4 5. Ng5 Nh6 6. Qh5 Qf6 7. O-O d6 8. h3
Ne5 9. Bb3 Ng6 10. f4 d3+ 11. Kh1 dxc2 12. Nc3 c6 13. f5 Ne5 14. Bxc2 Bd7 15.
Bf4 Nc4 16. Rab1 Be3 17. Bxe3 Nxe3 18. Rfc1 Nxc2 19. Rxc2 O-O 20. Nf3 Nxf5 21.
Qg5 Qxg5 22. Nxg5 Ne3 23. Re2 Nc4 24. Rd1 h6 25. Nf3 Rad8 26. b3 Ne5 27. Nxe5
dxe5 28. Red2 f6 29. Rxd7 Rxd7 30. Rxd7 Rf7 31. Rxf7 Kxf7 32. Na4 32... b6 {
die beiden nachfolgenden Zuege sind jeweis Abwartezuege, da Weiss nun 33.Kf2
spielte} 33. Kh2 Kf8 34. Kg1 Kf7 35. Kf2 Ke6 36. g4 Kd6 37. Ke3 b5 38. Nb2 Kc7
39. b4 Kb6 40. Nd3 a5 41. a3 axb4 42. axb4 Kc7 43. Nc5 Kd8 44. Kd3 Ke7 45. Na6
g6 46. h4 Ke6 47. Ke3 Kd7 48. Nc5+ Kd6 49. Kf3 Ke7 50. h5 g5 51. Nb3 Ke6 52.
Nd2 Kd6 53. Nb3 Ke6 54. Ke3 Kd6 55. Kd3 Ke6 56. Kc3 Ke7 57. Nd2 Kd6 58. Nf1 Ke7
59. Ng3 Kf7 60. Nf5 Kg8 61. Nxh6+ Kf8 62. Nf5 Kf7 63. Nd6+ Kf8 64. Nc8 Ke8 65.
Na7 Kf7 66. Nxc6 Ke6 67. Na7 Ke7 68. Nxb5 Ke6 69. Nc7+ Ke7 70. b5 f5 71. exf5
e4 72. b6 e3 73. b7 e2 74. Kd2 e1=Q+ 75. Kxe1 Kf7 76. b8=Q Kg7 77. Qd8 Kh7 78.
Qxg5 Kh8 79. Ne8 Kh7 80. Qg7# 1-0

[Event "DEM U10/U10w 2015"]
[Site "Willingen GER"]
[Date "2015.05.28"]
[Round "8"]
[White "Kurzweil, Nalani"]
[Black "Bayer, Melissa"]
[Result "1-0"]
[Termination "normal"]
[Board "25"]
[WhiteElo "1209"]
[BlackElo "1104"]
[PlyCount "99"]
[WhiteFideId "12985694"]
[BlackFideId "16206916"]
[EventCountry "GER"]
[EventRounds "11"]
[EventType "swiss"]
[EventDate "2015.05.23"]

1. e4 e5 2. Nf3 Nc6 3. Bc4 Bc5 4. O-O Nf6 5. d4 Bxd4 6. Nxd4 Nxd4 7. Bg5 O-O 8.
f4 Ne6 9. Bxe6 fxe6 10. fxe5 h6 11. Bxf6 gxf6 12. Qg4+ Kh7 13. Qf3 f5 14. exf5
Rxf5 15. Qe4 Qg5 16. Nc3 Kg7 17. Rae1 d5 18. Rxf5 dxe4 19. Rxg5+ hxg5 20. Rxe4
c5 21. Rg4 Kh6 22. Ne4 b6 23. Nxg5 Bd7 24. h4 Kh5 25. Rf4 Rd8 26. Kh2 a5 27.
Kh3 Kg6 28. g4 Re8 29. Rf7 Bc8 30. a4 Kh6 31. Rf6+ Kg7 32. Ne4 Re7 33. Kg3 Bd7
34. b3 Bc6 35. Nd6 Bd7 36. Kf4 Kg8 37. Rg6+ Kh7 38. Kg5 Rg7 39. Rxg7+ Kxg7 40.
h5 Bc6 41. h6+ Kh7 42. Kf6 Kxh6 43. g5+ Kh7 44. Kf7 Bf3 45. g6+ Kh6 46. g7 Bh5+
47. Kf8 Be2 48. g8=Q b5 49. Nf7+ Kh5 50. Qg5# 1-0

[Event "DEM U10/U10w 2015"]
[Site "Willingen GER"]
[Date "2015.05.28"]
[Round "8"]
[White "von Rosen, Jakob"]
[Black "Schauties, Nico Antonio"]
[Result "0-1"]
[Termination "normal"]
[Board "26"]
[WhiteElo "1124"]
[BlackElo "1457"]
[PlyCount "138"]
[WhiteFideId "12982989"]
[BlackFideId "16206371"]
[EventCountry "GER"]
[EventRounds "11"]
[EventType "swiss"]
[EventDate "2015.05.23"]

1. Nf3 Nf6 2. c4 e6 3. Nc3 d5 4. e3 c5 5. b3 Nc6 6. Bb2 d4 7. exd4 cxd4 8. Ne2
e5 9. g3 Bg4 10. Bg2 d3 11. h3 dxe2 12. Qxe2 Bxf3 13. Bxf3 Nb4 14. Qxe5+ Qe7
15. Qxe7+ Bxe7 16. O-O Rb8 17. Bc3 O-O 18. Bxb4 Bxb4 19. d4 b6 20. Bc6 Rbc8 21.
d5 Bd6 22. Rfe1 Rc7 23. Re2 Nd7 24. Rd1 Ne5 25. Ba4 a6 26. f4 Ng6 27. Re8 Ne7
28. Rxf8+ Kxf8 29. Kf2 f5 30. Kf3 Nc8 31. Re1 Re7 32. Rxe7 Kxe7 33. Bc6 Na7 34.
Bb7 a5 35. Ba6 Kf6 36. g4 g5 37. fxg5+ Kxg5 38. gxf5 Kxf5 39. a4 h5 40. Bb7 h4
41. Ba6 Ke5 42. Ke3 Bc5+ 43. Kd3 Kf4 44. Bb7 Ke5 45. Ba6 Kd6 46. Ke4 Kc7 47.
Ke5 Nc8 48. Bxc8 Kxc8 49. Ke6 Kd8 50. Kf6 Kd7 51. Kf5 Kd6 52. Kf4 Bf2 53. Ke4
Bg3 54. Kd4 Bf4 55. Ke4 Be5 56. Ke3 Kc5 57. Ke4 Bb8 58. Kd3 Kb4 59. Kc2 Be5 60.
d6 Bxd6 61. Kb2 Be5+ 62. Ka2 Bd4 63. c5 bxc5 64. Kb1 Kxb3 65. Kc1 Be3+ 66. Kb1
c4 67. Ka1 c3 68. Kb1 c2+ 69. Ka1 Bd4# 0-1

[Event "DEM U10/U10w 2015"]
[Site "Willingen GER"]
[Date "2015.05.28"]
[Round "8"]
[White "Handschuh, Felix"]
[Black "Ziegenfuß, Antonia"]
[Result "0-1"]
[Termination "normal"]
[Board "27"]
[WhiteElo "1114"]
[BlackElo "1627"]
[PlyCount "98"]
[WhiteFideId "12997447"]
[BlackFideId "12962554"]
[EventCountry "GER"]
[EventRounds "11"]
[EventType "swiss"]
[EventDate "2015.05.23"]

1. e4 e5 2. Bc4 Nf6 3. d3 Nc6 4. Nc3 Be7 5. Nge2 d6 6. O-O O-O 7. f4 Na5 8. Bb3
Nxb3 9. axb3 exf4 10. Bxf4 Be6 11. Ng3 Qd7 12. h3 a6 13. Nf5 Rfe8 14. Be3 h6
15. Qf3 Kh7 16. Nd5 Nxd5 17. exd5 Bxf5 18. Qxf5+ Qxf5 19. Rxf5 Bf6 20. Bc1 Re1+
21. Kf2 Rae8 22. Kf3 Rf1+ 23. Kg4 Rxf5 24. Kxf5 Re1 25. Kg4 Bg5 26. Kf3 Rxc1
27. Rxc1 Bxc1 28. c4 Bxb2 29. g4 Kg6 30. h4 h5 31. gxh5+ Kxh5 32. Kg3 Bf6 33.
Kf4 Kxh4 34. b4 g5+ 35. Kf3 Kh3 36. Kf2 Bd4+ 37. Kf3 g4+ 38. Ke4 g3 39. Kxd4 g2
40. Kc3 g1=Q 41. Kb3 f5 42. Kc3 f4 43. Kb3 f3 44. Kc3 f2 45. Kb3 f1=R 46. Kc3
Rc1+ 47. Kb3 Qd4 48. Ka3 Qc3+ 49. Ka4 Ra1# 0-1

[Event "DEM U10/U10w 2015"]
[Site "Willingen GER"]
[Date "2015.05.28"]
[Round "8"]
[White "Joppich, Til"]
[Black "Reichelt, Lena"]
[Result "1/2-1/2"]
[Termination "normal"]
[Board "28"]
[WhiteElo "1108"]
[BlackElo "1285"]
[PlyCount "80"]
[WhiteFideId "16232917"]
[BlackFideId "12981184"]
[EventCountry "GER"]
[EventRounds "11"]
[EventType "swiss"]
[EventDate "2015.05.23"]

1. e4 e6 2. d4 d5 3. Bd3 Nf6 4. e5 Nfd7 5. Nf3 c5 6. c3 Nc6 7. Bf4 Qc7 8. Qe2
cxd4 9. Nxd4 Ncxe5 10. Bb5 Bd6 11. O-O a6 12. Ba4 O-O 13. Re1 Nf3+ 14. Qxf3
Bxf4 15. Bc2 Bxh2+ 16. Kf1 Bd6 17. Qd3 Qc4 18. Nd2 Qxd3+ 19. Bxd3 e5 20. Nf5
Nc5 21. Bc2 Bxf5 22. Bxf5 e4 23. c4 Bf4 24. Nb3 Nd3 25. Re2 dxc4 26. Na5 Nc5
27. Bxe4 Nxe4 28. Rxe4 Bc7 29. Nxb7 Rab8 30. Nc5 Rxb2 31. Rxc4 Bb6 32. Nd7 Rd8
33. Nxb6 Rxb6 34. Rac1 g6 35. Re1 Rd2 36. a4 Ra2 37. g4 Re6 38. Rec1 Kg7 39.
Kg2 Ree2 40. Rf1 a5 1/2-1/2

[Event "DEM U10/U10w 2015"]
[Site "Willingen GER"]
[Date "2015.05.28"]
[Round "8"]
[White "Henzgen, Nick"]
[Black "Rashba, David"]
[Result "1-0"]
[Termination "normal"]
[Board "29"]
[WhiteElo "1269"]
[BlackElo "1130"]
[PlyCount "123"]
[WhiteFideId "16212347"]
[BlackFideId "16205499"]
[EventCountry "GER"]
[EventRounds "11"]
[EventType "swiss"]
[EventDate "2015.05.23"]

1. d4 d5 2. e3 c6 3. Bd3 Nf6 4. f4 e6 5. Nd2 Nbd7 6. Ngf3 Be7 7. O-O O-O 8. Ne5
Re8 9. Rf3 Nf8 10. c3 Ng6 11. e4 Qb6 12. Kh1 Qc7 13. Nxg6 fxg6 14. e5 Ng4 15.
h3 Nh6 16. Nf1 Rf8 17. Qc2 Bd8 18. Be3 Qf7 19. Nh2 Be7 20. Raf1 b6 21. R1f2 c5
22. Qd2 c4 23. Bb1 a5 24. Qc2 Bd7 25. Rf1 Rfb8 26. Bd2 b5 27. a3 b4 28. cxb4
axb4 29. axb4 Bxb4 30. Bxb4 Rxb4 31. Ra3 Rba4 32. Rxa4 Rxa4 33. b3 cxb3 34.
Qxb3 Rxd4 35. Qe3 Ra4 36. Bc2 Ra8 37. Qb6 Rf8 38. Rf3 Rc8 39. Bb3 Rc1+ 40. Nf1
Nf5 41. Kh2 Rb1 42. Nd2 Rb2 43. Qb4 Ba4 44. Qc3 Rxb3 45. Nxb3 Bxb3 46. Qxb3 Nd4
47. Qb8+ Qf8 48. Qxf8+ Kxf8 49. Rd3 Nf5 50. g4 Ne7 51. Kg3 h5 52. Kf3 hxg4+ 53.
hxg4 Kf7 54. Rb3 Kf8 55. Rb6 Kf7 56. Ke3 Nc8 57. Rb7+ Ne7 58. Kd4 Kf8 59. Kc5
Ng8 60. Kd6 d4 61. Kxe6 d3 62. Rb8# 1-0

[Event "DEM U10/U10w 2015"]
[Site "Willingen GER"]
[Date "2015.05.28"]
[Round "8"]
[White "Peglau, Mirjam"]
[Black "Schubert, Nikita"]
[Result "0-1"]
[Termination "normal"]
[Board "30"]
[WhiteElo "1055"]
[BlackElo "1216"]
[PlyCount "72"]
[WhiteFideId "16211138"]
[BlackFideId "16212339"]
[EventCountry "GER"]
[EventRounds "11"]
[EventType "swiss"]
[EventDate "2015.05.23"]

1. d4 d5 2. Nf3 Nf6 3. e3 e6 4. Nbd2 Be7 5. Be2 Nbd7 6. O-O O-O 7. b3 a6 8. Bb2
c6 9. Rc1 b5 10. c4 Bb7 11. c5 a5 12. Re1 Qc7 13. Nf1 Ne4 14. Bd3 f5 15. N3d2
Rf6 16. Nxe4 fxe4 17. Bc2 Raf8 18. Qe2 Qd8 19. Ng3 Qb8 20. Nh5 Rh6 21. Qg4 Rg6
22. Qe2 Bd8 23. f3 exf3 24. Qd3 f2+ 25. Kf1 fxe1=Q+ 26. Kxe1 Bc7 27. Qe2 Rh6
28. Qg4 Rf7 29. Rd1 Qe8 30. Bc1 Nf6 31. e4 Nxg4 32. Bxh6 Nxh6 33. exd5 exd5+
34. Kd2 Rf2+ 35. Kc1 Qe2 36. Nf6+ gxf6 0-1

[Event "DEM U10/U10w 2015"]
[Site "Willingen GER"]
[Date "2015.05.28"]
[Round "8"]
[White "Heutling, Elina"]
[Black "Reuter, Max"]
[Result "0-1"]
[Termination "normal"]
[Board "32"]
[WhiteElo "1140"]
[BlackElo "1036"]
[PlyCount "90"]
[WhiteFideId "16244729"]
[BlackFideId "16263715"]
[EventCountry "GER"]
[EventRounds "11"]
[EventType "swiss"]
[EventDate "2015.05.23"]

1. e4 c5 2. Nf3 a6 3. c4 Nc6 4. d4 cxd4 5. Nxd4 g6 6. Nc3 Bg7 7. Nc2 d6 8. f3
Nf6 9. Bd3 O-O 10. O-O Bd7 11. Be3 Rc8 12. b3 Ne8 13. Qd2 Qa5 14. b4 Qe5 15.
Nd5 Nc7 16. f4 Qh5 17. Nb6 Bxa1 18. Nxa1 Rcd8 19. Nxd7 Rxd7 20. Qc3 Qh6 21. Bc1
Qg7 22. Qa3 Qd4+ 23. Kh1 e5 24. Bb2 Qb6 25. Nc2 Ne6 26. f5 Ned4 27. Bxd4 Nxd4
28. Nxd4 Qxd4 29. h3 f6 30. Qc1 Qxd3 31. Re1 gxf5 32. Re3 Qd4 33. Rg3+ Rg7 34.
Rxg7+ Kxg7 35. exf5 Qf4 36. Qc2 e4 37. a4 e3 38. Qc1 Re8 39. a5 Qxf5 40. Qe1 e2
41. Qg3+ Kf7 42. Qe1 Qf1+ 43. Qxf1 exf1=Q+ 44. Kh2 Qf4+ 45. Kh1 Re1# 0-1

[Event "DEM U10/U10w 2015"]
[Site "Willingen GER"]
[Date "2015.05.28"]
[Round "8"]
[White "Bashylina, Luisa"]
[Black "Kalina, Lena"]
[Result "1/2-1/2"]
[Termination "normal"]
[Board "33"]
[WhiteElo "1223"]
[BlackElo "993"]
[PlyCount "45"]
[WhiteFideId "12983292"]
[BlackFideId "12988014"]
[EventCountry "GER"]
[EventRounds "11"]
[EventType "swiss"]
[EventDate "2015.05.23"]

1. e4 e5 2. Nf3 Nc6 3. d4 exd4 4. Nxd4 Bc5 5. Be3 Qf6 6. c3 Nge7 7. Bc4 O-O 8.
O-O b6 9. Na3 Bb7 10. f3 Rad8 11. Nac2 d5 12. Be2 Qe5 13. b4 Bd6 14. g3 dxe4
15. fxe4 Qxe4 16. Nxc6 Bxc6 17. Bf3 Qe6 18. Bd4 Qh3 19. Bxc6 Nxc6 20. Qf3 Nxd4
21. Nxd4 f6 22. Rae1 Rfe8 23. Qd5+ 1/2-1/2

[Event "DEM U10/U10w 2015"]
[Site "Willingen GER"]
[Date "2015.05.28"]
[Round "8"]
[White "Baltic, Sara"]
[Black "Gehle, Joshua"]
[Result "1-0"]
[Termination "normal"]
[Board "34"]
[WhiteElo "1129"]
[BlackElo "948"]
[PlyCount "75"]
[WhiteFideId "16210409"]
[BlackFideId "16273753"]
[EventCountry "GER"]
[EventRounds "11"]
[EventType "swiss"]
[EventDate "2015.05.23"]

1. e4 e5 2. Nf3 Nc6 3. Bc4 Bc5 4. c3 Nf6 5. d3 d6 6. Bb3 Bg4 7. h3 Bh5 8. Nbd2
d5 9. Nf1 Qd7 10. Ng3 Bg6 11. O-O h6 12. Ba4 Rb8 13. Nxe5 Qd6 14. Bxc6+ bxc6
15. Bf4 Qe6 16. Nxg6 fxg6 17. Bxc7 Rxb2 18. Rb1 Rxb1 19. Qxb1 O-O 20. d4 Be7
21. e5 Ne4 22. Nxe4 dxe4 23. Qxe4 Rc8 24. Ba5 Qxa2 25. Bb4 Bxb4 26. cxb4 Qe6
27. Rc1 a6 28. g4 Kh7 29. f4 Kg8 30. f5 gxf5 31. Qxf5 Qe8 32. d5 Kh8 33. d6 Qd8
34. d7 Rc7 35. e6 Kg8 36. Qf7+ Kh8 37. e7 Qxd7 38. e8=Q+ 1-0

[Event "DEM U10/U10w 2015"]
[Site "Willingen GER"]
[Date "2015.05.28"]
[Round "8"]
[White "Sklarski, Lior"]
[Black "Orlova, Alicia"]
[Result "0-1"]
[Termination "normal"]
[Board "35"]
[WhiteElo "1087"]
[BlackElo "1110"]
[PlyCount "86"]
[WhiteFideId "12987077"]
[BlackFideId "34154563"]
[EventCountry "GER"]
[EventRounds "11"]
[EventType "swiss"]
[EventDate "2015.05.23"]

1. e4 e5 2. Nf3 Nc6 3. Bb5 a6 4. Bxc6 dxc6 5. Nc3 Bd6 6. d4 exd4 7. Qxd4 Be6 8.
O-O f6 9. Be3 Ne7 10. Rad1 O-O 11. Rfe1 Ng6 12. Qd2 f5 13. Ng5 Bd7 14. Qe2 f4
15. Qc4+ Kh8 16. Nf7+ Rxf7 17. Qxf7 fxe3 18. Rxe3 Qe8 19. Qf3 Qc8 20. Red3 Bg4
21. Qe3 Bxd1 22. Rxd1 Qe6 23. a3 Be5 24. Na4 Bd6 25. Nc3 Qe5 26. Rd3 Qxh2+ 27.
Kf1 Qh1+ 28. Ke2 Nf4+ 29. Kd2 Nxd3 30. cxd3 Qh2 31. g3 Qh6 32. f4 Qh2+ 33. Ne2
b6 34. Qd4 Rd8 35. Qc3 Bc5 36. b3 a5 37. a4 Bb4 38. Ke3 Bxc3 39. Nxc3 Qxg3+ 40.
Ke2 Qxd3+ 41. Kf2 Qxc3 42. Ke2 Rd2+ 43. Ke1 Qc1# 0-1

[Event "DEM U10/U10w 2015"]
[Site "Willingen GER"]
[Date "2015.05.28"]
[Round "8"]
[White "Breß, Amy Charlize"]
[Black "Wehrle, Maximilian"]
[Result "1/2-1/2"]
[Termination "normal"]
[Board "36"]
[WhiteElo "941"]
[BlackElo "1108"]
[PlyCount "52"]
[WhiteFideId "16233786"]
[BlackFideId "65600347"]
[EventCountry "GER"]
[EventRounds "11"]
[EventType "swiss"]
[EventDate "2015.05.23"]

1. e4 e5 2. Nf3 Nc6 3. Bc4 Bc5 4. d3 Nf6 5. c3 d6 6. b4 Bb6 7. O-O O-O 8. h3
Be6 9. Bb3 a6 10. Re1 h6 11. Nbd2 Bxb3 12. Qxb3 Ba7 13. Nf1 Qd7 14. Ng3 Qe6 15.
Qc2 d5 16. Bd2 dxe4 17. dxe4 Rfd8 18. Qc1 Nh7 19. Nf5 Ne7 20. N3h4 Rd7 21. Be3
b6 22. c4 Nxf5 23. Nxf5 Qg6 24. h4 Nf6 25. f3 Qh7 26. g4 Kf8 1/2-1/2

[Event "DEM U10/U10w 2015"]
[Site "Willingen GER"]
[Date "2015.05.28"]
[Round "8"]
[White "Straub, Benno"]
[Black "Wiemann, Vanessa"]
[Result "0-1"]
[Termination "normal"]
[Board "37"]
[WhiteElo "1022"]
[BlackElo "1229"]
[PlyCount "120"]
[WhiteFideId "16255488"]
[BlackFideId "12942987"]
[EventCountry "GER"]
[EventRounds "11"]
[EventType "swiss"]
[EventDate "2015.05.23"]

1. e4 e5 2. f4 exf4 3. Nf3 Be7 4. Qe2 Bh4+ 5. Nxh4 Qxh4+ 6. Qf2 Qxf2+ 7. Kxf2
Nf6 8. Nc3 Nc6 9. Bc4 Ng4+ 10. Kg1 d6 11. h3 Nf6 12. d3 Nd4 13. Bxf4 Nxc2 14.
Rc1 Nd4 15. e5 dxe5 16. Bxe5 Ne6 17. Bxe6 Bxe6 18. Bxc7 O-O 19. Rd1 Rac8 20.
Bd6 Rfd8 21. Be7 Rd7 22. Bxf6 gxf6 23. Kh2 Rcd8 24. Rhf1 Rxd3 25. Rxd3 Rxd3 26.
Rxf6 Rd2 27. b3 Rc2 28. Rf3 a6 29. Kg3 Bd7 30. a4 Bc6 31. Re3 Rxg2+ 32. Kf4
Rf2+ 33. Kg3 Rf6 34. Ne4 Bxe4 35. Rxe4 Rb6 36. b4 Rg6+ 37. Kf4 Rh6 38. Kg5 Rg6+
39. Kf4 Rb6 40. h4 Kg7 41. h5 Rd6 42. Re5 Rd4+ 43. Re4 Rxe4+ 44. Kxe4 Kh6 45.
Kf5 Kxh5 46. Kf6 Kg4 47. Kxf7 h5 48. Ke7 h4 49. Kd7 b5 50. axb5 axb5 51. Kc6 h3
52. Kxb5 h2 53. Ka6 h1=Q 54. b5 Qa8+ 55. Kb6 Qb8+ 56. Kc6 Kf5 57. b6 Ke6 58. b7
Ke7 59. Kb6 Kd7 60. Ka6 Kc7 0-1

[Event "DEM U10/U10w 2015"]
[Site "Willingen GER"]
[Date "2015.05.28"]
[Round "8"]
[White "Wallat, Alexandra"]
[Black "Klühs, Isabel"]
[Result "1/2-1/2"]
[Termination "normal"]
[Board "38"]
[WhiteElo "935"]
[BlackElo "901"]
[PlyCount "70"]
[WhiteFideId "16211413"]
[BlackFideId "16228944"]
[EventCountry "GER"]
[EventRounds "11"]
[EventType "swiss"]
[EventDate "2015.05.23"]

1. e4 c5 2. Nf3 Nc6 3. d4 cxd4 4. Nxd4 Nf6 5. Nc3 d6 6. Nxc6 bxc6 7. Be2 g6 8.
O-O Bg7 9. Bf3 Bb7 10. Bd2 O-O 11. Qe2 Rb8 12. b3 c5 13. Rab1 d5 14. exd5 Nxd5
15. Nxd5 Bxd5 16. Bxd5 Qxd5 17. Rfd1 Qb7 18. Bf4 Rbc8 19. Rd2 Rfe8 20. Rbd1 e5
21. Rd7 Qb6 22. R1d6 Qa5 23. Ra6 Qb4 24. Bd2 Qh4 25. Qf3 Rf8 26. Raxa7 Bf6 27.
Be3 e4 28. Qe2 Be5 29. g3 Qh3 30. Qc4 Qf5 31. Bh6 Bg7 32. Bxg7 Kxg7 33. Qc3+
Kg8 34. Qc4 Rcd8 35. Rxd8 Rxd8 1/2-1/2

[Event "DEM U10/U10w 2015"]
[Site "Willingen GER"]
[Date "2015.05.28"]
[Round "8"]
[White "Schneider, Anna"]
[Black "Adelhardt, Lisa"]
[Result "1-0"]
[Termination "normal"]
[Board "39"]
[WhiteElo "1060"]
[BlackElo "897"]
[PlyCount "101"]
[WhiteFideId "16200527"]
[BlackFideId "16235380"]
[EventCountry "GER"]
[EventRounds "11"]
[EventType "swiss"]
[EventDate "2015.05.23"]

1. e4 e5 2. Nf3 Nc6 3. d4 exd4 4. Bc4 Nf6 5. e5 d5 6. Bb5 a6 7. Bxc6+ bxc6 8.
exf6 Qxf6 9. O-O c5 10. Re1+ Be6 11. Bg5 Qg6 12. Qd3 Qxd3 13. cxd3 Bd6 14. Nbd2
O-O 15. Rab1 Bf5 16. Rbc1 Bxd3 17. Be7 Bxe7 18. Rxe7 Rac8 19. Rxc5 c6 20. Ne5
Bb5 21. Nef3 Rfe8 22. Rxe8+ Rxe8 23. h3 d3 24. Rc1 h6 25. b3 a5 26. a4 Ba6 27.
Rxc6 Bb7 28. Rc5 Ra8 29. Ne5 Re8 30. Nxd3 Ba6 31. Rxd5 Bxd3 32. Rxd3 Re1+ 33.
Kh2 Re2 34. f3 f5 35. Nc4 g5 36. Nxa5 f4 37. Nc6 h5 38. a5 Ra2 39. b4 Rc2 40.
b5 Rb2 41. b6 Kg7 42. Rd7+ Kf8 43. b7 Ke8 44. b8=Q+ Rxb8 45. Nxb8 g4 46. a6
gxf3 47. gxf3 h4 48. a7 Kf8 49. a8=Q Ke8 50. Kg2 Kf8 51. Nc6# 1-0

[Event "DEM U10/U10w 2015"]
[Site "Willingen GER"]
[Date "2015.05.28"]
[Round "8"]
[White "Röste, Hugo"]
[Black "Youness, Sali"]
[Result "0-1"]
[Termination "normal"]
[Board "40"]
[WhiteElo "1053"]
[BlackElo "897"]
[PlyCount "56"]
[WhiteFideId "16247604"]
[EventCountry "GER"]
[EventRounds "11"]
[EventType "swiss"]
[EventDate "2015.05.23"]

1. d4 d5 2. c4 dxc4 3. a4 Nc6 4. Nf3 Nf6 5. Bg5 Ne4 6. e3 h6 7. Bf4 e6 8. Bxc4
Bb4+ 9. Nbd2 O-O 10. Bd3 Nxd2 11. Nxd2 e5 12. Bxe5 Nxe5 13. Qc2 Nxd3+ 14. Qxd3
Qg5 15. Qe4 Rb8 16. Ra2 Bf5 17. Qf3 b6 18. b3 Bd3 19. Kd1 Bf5 20. Nc4 Bg4 21.
Ne5 Bxf3+ 22. gxf3 Qg2 23. Re1 Bxe1 24. Nd7 Qxf3+ 25. Kxe1 Rbd8 26. Nxf8 Kxf8
27. Re2 Rd5 28. Kf1 Qh1# 0-1

[Event "DEM U10/U10w 2015"]
[Site "Willingen GER"]
[Date "2015.05.28"]
[Round "8"]
[White "Gossing, Marie-Sophie"]
[Black "Kriuckova, Sonia"]
[Result "0-1"]
[Termination "normal"]
[Board "42"]
[WhiteElo "762"]
[BlackElo "1297"]
[PlyCount "42"]
[WhiteFideId "16217284"]
[BlackFideId "16204310"]
[EventCountry "GER"]
[EventRounds "11"]
[EventType "swiss"]
[EventDate "2015.05.23"]

1. e4 c5 2. d4 cxd4 3. c3 dxc3 4. Nxc3 Nc6 5. Bc4 Nf6 6. Qe2 e6 7. a3 a6 8. Nf3
b5 9. Ba2 Bb7 10. Bg5 Be7 11. O-O O-O 12. Rfd1 Qc7 13. g3 Rac8 14. Bf4 Qb6 15.
Bg5 Rfd8 16. Rd3 d6 17. Be3 Qc7 18. Bg5 h6 19. Bf4 e5 20. Qe3 exf4 21. Qxf4 Ne5
0-1

[Event "DEM U10/U10w 2015"]
[Site "Willingen GER"]
[Date "2015.05.28"]
[Round "8"]
[White "Kieckbusch, Lotta"]
[Black "Pflugradt, Natalie"]
[Result "0-1"]
[Termination "normal"]
[Board "43"]
[WhiteElo "749"]
[BlackElo "1120"]
[PlyCount "84"]
[WhiteFideId "16214390"]
[BlackFideId "16212444"]
[EventCountry "GER"]
[EventRounds "11"]
[EventType "swiss"]
[EventDate "2015.05.23"]

1. e4 e5 2. Nf3 Nc6 3. Bc4 Bc5 4. Nc3 Nf6 5. d3 h6 6. O-O d6 7. h3 Be6 8. Bb3
Qd7 9. Be3 Bb6 10. Nd5 Bxd5 11. exd5 Ne7 12. c4 Bxe3 13. fxe3 O-O-O 14. e4 Rdg8
15. a4 g5 16. g4 h5 17. Nh2 Rg6 18. a5 hxg4 19. hxg4 Qe8 20. a6 b6 21. Ba4 Qg8
22. Bc6 Qh7 23. Rf2 Rh6 24. Qe2 24... Nd7 25. Raf1 Rf8 26. Bb7+ Kb8 27. Qc2 Nc5
28. Qd2 Rg6 29. d4 Nxe4 30. Qe3 Nxf2 31. Qxf2 exd4 32. Qxd4 Rh6 33. Rf2 f5 34.
Re2 Rf7 35. Nf3 Rg6 36. Qe3 Rgg7 37. Nxg5 f4 38. Nxh7 fxe3 39. Rxe3 Rxg4+ 40.
Kh2 Rxh7+ 41. Rh3 Rxh3+ 42. Kxh3 Rxc4 0-1